000 00398nam a22001697a 4500
005 20180417111950.0
008 160513b xxu||||| |||| 00| 0 eng d
020 _a978-817446-561-0
041 _aeng
082 _b1803
_a346.07
100 _aGulshan S.S.
_9536
245 _aMercentile Law
260 _aNew Delhi
_bExcel Books,
_c2007
300 _a849
650 _aManagement
_9241
942 _cBK
999 _c694
_d694